000 00527nam a2200181Ia 4500
008 090124s9999 xx 000 0 und d
082 _b36124
100 _a"गोखले , अरविन्द"
245 _a शपथ
250 _a2
260 _bकॉन्टिनेन्टल प्रकाशन
_c1999
300 _a155
600 _a"गोखले , अरविन्द"
630 _a शपथ
700 _a"गोखले , अरविन्द"
730 _a शपथ
942 _cBOOK
999 _c102108
_d102108